Introduction to Hilbert space /
Guardado en:
| Autor Principal: | |
|---|---|
| Formato: | Libro |
| Idioma: | English |
| Publicado: |
New York :
Oxford University Press,
1961.
|
| Series: | University texts in the mathematical sciences
|
| Etiquetas: |
Agregar Etiqueta
Sin Etiquetas, Sea el primero en etiquetar este registro!
|
| LEADER | 00620nam a22001815a 4500 | ||
|---|---|---|---|
| 001 | MAT.inmabb001189 | ||
| 008 | 031120s1961####nyu###########000#0#eng#d | ||
| 005 | 20130305122327.0 | ||
| 245 | 1 | 0 | |a Introduction to Hilbert space / |c Sterling K. Berberian. |
| 260 | |a New York : |b Oxford University Press, |c 1961. | ||
| 300 | |a xi, 206 p. ; |c 22 cm. | ||
| 440 | 0 | |a University texts in the mathematical sciences | |
| 510 | 4 | |a MR, |c 25 #1424 | |
| 100 | 1 | |a Berberian, Sterling K., |d 1926- | |
| 084 | |a 46-01 (47-01) |2 msc2000 | ||
| 010 | |a 61013562 | ||
| 859 | |h 46 |i B484 |p A-1266 |b BIB. MATEMATICA | ||
| 859 | |h 46 |i B484 |p A-2491 |t Ej. 2 |b BIB. MATEMATICA | ||
